Documents of the communist movement in India / (Record no. 136893)

MARC details
000 -LEADER
fixed length control field 00719nam a22002177a 4500
010 ## - LIBRARY OF CONGRESS CONTROL NUMBER
LC control number A-953863
020 ## - INTERNATIONAL STANDARD BOOK NUMBER
International Standard Book Number 8176260002
Terms of availability 1000
035 ## - SYSTEM CONTROL NUMBER
System control number A-953863
037 ## - SOURCE OF ACQUISITION
Source of stock number/acquisition Cen Lib / Ret
040 ## - CATALOGING SOURCE
Original cataloging agency DPL
Language of cataloging En
082 ## - DEWEY DECIMAL CLASSIFICATION NUMBER
Classification number 335.43
Item number DOC
245 ## - TITLE STATEMENT
Title Documents of the communist movement in India /
Statement of responsibility, etc edited by Jyoti Basu...[et al]
260 ## - PUBLICATION, DISTRIBUTION, ETC. (IMPRINT)
Place of publication, distribution, etc Culcutta
Name of publisher, distributor, etc National Book Agency
Date of publication, distribution, etc 1997
270 ## - ADDRESS
Address 12 Nankim Chatterjee Street
City Culcutta
Postal code 700073
300 ## - PHYSICAL DESCRIPTION
Extent v 7. 890p
Dimensions 27cm(Hb)
505 ## - FORMATTED CONTENTS NOTE
Formatted contents note v 7. 1952-1956
650 ## - SUBJECT ADDED ENTRY--TOPICAL TERM
Topical term or geographic name as entry element Communism -- India -- History.
650 ## - SUBJECT ADDED ENTRY--TOPICAL TERM
Topical term or geographic name as entry element India -- Politics and government -- 20th century.
650 ## - SUBJECT ADDED ENTRY--TOPICAL TERM
Topical term or geographic name as entry element Comunismo -- India -- Historia.
942 ## - ADDED ENTRY ELEMENTS (KOHA)
Source of classification or shelving scheme Dewey Decimal Classification
Koha item type English Books
Classification part 335.43
Call number suffix DOC
Holdings
Withdrawn status Lost status Materials specified (bound volume or other part) Damaged status Not for loan Home library Current library Date acquired Source of acquisition Total Checkouts Full call number Barcode Date last seen Copy number Price effective from Koha item type
    v 7     Central Library Central Library 11/03/2016 Cen Lib/Ret   335.43 DOC A-953863 11/03/2016 1 11/03/2016 English Books

© Delhi Public Library
Hit Counter
free hit counter